Statistiques concernant Une Citation, Un Film

Cliquez ici pour prendre le quiz!

Statistiques générales

  • Ce quiz a été pris 8 698 fois
  • Le résultat moyen est 6 sur 15

Statistiques - réponses

HintRéponse% Correct
Auriez-vous projeté de mettre des dinosaures dans votre parc à dinosaures ?Jurassic park
79%
Pas de bras, pas de chocolat.Intouchables
75%
Vous ne passerez pas !Le seigneur des anneaux : la communauté de l’anneau
74%
- On va voler l’navire ? Ce navire ? - Réquisitionner. On « réquisitionne » ce « bâtiment », termes nautiques.Pirates des Caraibes, la malédiction du Black Pearl
58%
Il faut du courage pour affronter ses ennemis mais il en faut encore plus pour affronter ses amis...Harry Potter à l'école des sorciers
50%
Première loi : Un robot ne peut porter atteinte à un être humain ni, restant passif, laisser cet être humain exposé au danger. Deuxième loi : Un robot doit obéir aux ordres donnés par les êtres humains, sauf si de tels ordres sont en contradiction avec la première loi. Troisième loi : Un robot doit protéger son existence dans la mesure où cette protection n'est en contradiction ni avec la première ni avec la deuxième loi.I, Robot
50%
Je suis fatigué patron, fatigué de devoir courir les routes et d’être seul comme un moineau sous la pluie... Fatigué d’avoir jamais un ami pour parler, pour me dire où on va, d’où on vient et pourquoi... Mais surtout je suis fatigué de voir les hommes se battre les uns les autres, je suis fatigué de toute la peine et la souffrance que je sens dans le monde...La Ligne Verte
48%
Ce qui compte, c’est pas la force des coups que tu donnes, c’est le nombre de coups que tu encaisses tout en continuant d’avancer. Ce que t’arrives à endurer tout en marchant la tête haute.Rocky Balboa
47%
- Vous êtes fou ! - Malgré tout le respect que j’vous dois, ce n’est pas moi qui suis suspendu à la poupe d’un bateau...Titanic
44%
Maintenant une question de protocole. Pour passer je vous présente mon cul ou bien ma queue ?Fight Club
23%
Pourquoi un corbeau ressemble t-il à un bureau ?Alice au pays des merveilles
15%
Gloire à J, Gloire à J !Men in Black 2
14%
Je hais le fait que ce soit cool d’être noir à l’heure actuelle, je hais tout cette putain d’influence hip-hop qui déferle dans les quartiers blanc.American History X
12%
C’est à madame justice que je dédie ce concerto, en l’honneur des vacances qu’elle semble avoir prises très loin d’ici et en reconnaissance de l’imposteur qui se dresse à sa place.V Pour Vendetta
9%
Je n’ai pas peur de mourir, j’ai peur de ne pas avoir assez vécu.Mr Nobody
3%

Distribution des résultats

Percentile par nombre de réponses

% des personnes avec chaque résultat

Votre développement - résultats

Vous n’avez pas pris ce quiz